Maailman liput, mutta Pohjoismaiset - Statistics

Yleistilastot
  • Tätä visaa on pelattu 27 kertaa
  • Keskiarvotulos 76 / 196
Vastaustilastot
Kuvavisa Vastaus % Oikein
Suomi
100%
Islanti
94%
Norja
94%
Ruotsi
94%
Tanska
94%
Kanada
88%
Yhdysvallat
88%
Espanja
82%
Saksa
82%
Yhdistynyt kuningaskunta
82%
Argentiina
76%
Australia
76%
Belgia
76%
Brasilia
76%
Etelä-Afrikka
76%
Etelä-Korea
76%
Intia
76%
Irlanti
76%
Italia
76%
Japani
76%
Kiina
76%
Kosovo
76%
Kreikka
76%
Kypros
76%
Luxemburg
76%
Meksiko
76%
Pakistan
76%
Portugali
76%
Ranska
76%
Uusi-Seelanti
76%
Egypti
71%
Etiopia
71%
Irak
71%
Iran
71%
Kazakstan
71%
Kolumbia
71%
Pohjois-Korea
71%
Saudi-Arabia
71%
Turkki
71%
Alankomaat
65%
Azerbaidžan
65%
Bangladesh
65%
Israel
65%
Kenia
65%
Mongolia
65%
Turkmenistan
65%
Chile
59%
Norsunluurannikko
59%
Qatar
59%
Somalia
59%
Sveitsi
59%
Uruguay
59%
Uzbekistan
59%
Venäjä
59%
Vietnam
59%
Andorra
53%
Jamaika
53%
Kirgisia
53%
Latvia
53%
Mosambik
53%
Nepal
53%
Singapore
53%
Sri Lanka
53%
Venezuela
53%
Bhutan
47%
Laos
47%
Libanon
47%
Malta
47%
Monaco
47%
Myanmar
47%
Panama
47%
Tunisia
47%
Unkari
47%
Vatikaanivaltio
47%
Angola
41%
Bahrain
41%
Filippiinit
41%
Georgia
41%
Kambodža
41%
Kroatia
41%
Niger
41%
Serbia
41%
Albania
35%
Armenia
35%
Brunei
35%
Honduras
35%
Kiribati
35%
Kongon demokraattinen tasavalta
35%
Marokko
35%
Mikronesia
35%
Papua-Uusi-Guinea
35%
Peru
35%
Puola
35%
San Marino
35%
Syyria
35%
Tansania
35%
Uganda
35%
Ukraina
35%
Belize
29%
Bosnia ja Hertsegovina
29%
Botswana
29%
Ecuador
29%
Kap Verde
29%
Kuuba
29%
Liberia
29%
Malawi
29%
Marshallinsaaret
29%
Nigeria
29%
Taiwan
29%
Togo
29%
Tonga
29%
Barbados
24%
Benin
24%
Bulgaria
24%
Dominica
24%
Dominikaaninen tasavalta
24%
El Salvador
24%
Eritrea
24%
Fidži
24%
Gabon
24%
Guatemala
24%
Haiti
24%
Libya
24%
Liettua
24%
Mali
24%
Montenegro
24%
Nicaragua
24%
Oman
24%
Päiväntasaajan Guinea
24%
Palau
24%
Paraguay
24%
Pohjois-Makedonia
24%
Romania
24%
Sambia
24%
Senegal
24%
Slovakia
24%
Slovenia
24%
Tšad
24%
Valko-Venäjä
24%
Vanuatu
24%
Viro
24%
Yhdistyneet arabiemiirikunnat
24%
Zimbabwe
24%
Algeria
18%
Bolivia
18%
Burundi
18%
Guinea
18%
Itävalta
18%
Jemen
18%
Keski-Afrikan tasavalta
18%
Komorit
18%
Kongon tasavalta
18%
Kuwait
18%
Lesotho
18%
Madagaskar
18%
Mauritania
18%
Moldova
18%
Namibia
18%
Ruanda
18%
Saint Vincent ja Grenadiinit
18%
Salomonsaaret
18%
Tšekki
18%
Afganistan
12%
Djibouti
12%
Gambia
12%
Grenada
12%
Indonesia
12%
Itä-Timor
12%
Jordania
12%
Kamerun
12%
Malediivit
12%
Malesia
12%
Nauru
12%
Samoa
12%
Sierra Leone
12%
Swazimaa
12%
Tadžikistan
12%
Thaimaa
12%
Trinidad ja Tobago
12%
Antigua ja Barbuda
6%
Burkina Faso
6%
Costa Rica
6%
Etelä-Sudan
6%
Ghana
6%
Guinea-Bissau
6%
Liechtenstein
6%
Mauritius
6%
Saint Kitts ja Nevis
6%
São Tomé ja Príncipe
6%
Seychellit
6%
Sudan
6%
Suriname
6%
Tuvalu
6%
Bahama
0%
Guyana
0%
Saint Lucia
0%
Ehtoja vastaavia visoja ei löytynyt
Tulosjakauma
Jokaisen tuloksen saaneiden osuus
Persentiili vastausten määrän mukaan
Tuloshistoriasi
Et ole pelannut tätä visaa